[Event "LTU-chT"]
[Site "Lithuania"]
[Date "2021.05.14"]
[Round "5.3"]
[White "Vasylius, Kestutis"]
[Black "Juksta, Karolis"]
[Result "0-1"]
[WhiteElo "2064"]
[BlackElo "2437"]
[PlyCount "74"]
[EventDate "2021.05.07"]
[EventType "team-swiss"]
[EventRounds "7"]
[EventCountry "LTU"]
[SourceTitle "CBM 202 Extra"]
[Source "ChessBase"]
[SourceDate "2021.07.31"]
[SourceVersion "1"]
[SourceVersionDate "2021.07.31"]
[SourceQuality "1"]
[WhiteTeam "Plunge Bokstas"]
[BlackTeam "Kaunas SBK"]
[WhiteTeamCountry "LTU"]
[BlackTeamCountry "LTU"]

1. e4 e6 2. d4 d5 3. Nc3 Bb4 4. e5 c5 5. a3 Bxc3+ 6. bxc3 Qa5 7. Qd2 Nc6 8. Nf3 Nge7 9. a4 b6 10. Ba3 Ba6 11. dxc5 Bxf1 12. Bb4 Qa6 13. Rxf1 bxc5 14. Bxc5 0-0 15. Qd3 Qa5 16. Ng5 g6 17. Qh3 h5 18. Bd6 d4 19. Ne4 Nf5 20. Nf6+ Kh8 21. Bxf8 Qxe5+ 22. Kd1 Qxf6 23. Bc5 Qe5 24. g4 Qxc5 25. gxf5 exf5 26. c4 Qxc4 27. Re1 Rb8 28. Re2 Kg7 29. Qg3 Qd5 30. f4 Rb4 31. Qg2 Qd6 32. Qf3 d3 33. Rf2 dxc2+ 34. Kc1 Qf6 35. Qa3 Re4 36. Kxc2 Nb4+ 37. Kd1 Qd4+ 0-1

[Event "LTU-chT"]
[Site "Lithuania"]
[Date "2017.03.19"]
[Round "7.2"]
[White "Burstein, Roman"]
[Black "Vasylius, Kestutis"]
[Result "1-0"]
[WhiteElo "2326"]
[BlackElo "2080"]
[PlyCount "63"]
[EventDate "2017.01.28"]
[EventType "team-swiss"]
[EventRounds "7"]
[EventCountry "LTU"]
[SourceTitle "EXT 2018"]
[Source "ChessBase"]
[SourceDate "2017.10.13"]
[SourceVersion "1"]
[SourceVersionDate "2017.10.13"]
[SourceQuality "1"]
[WhiteTeam "Makabi LSK"]
[BlackTeam "Plunge Bokstas"]
[WhiteTeamCountry "LTU"]
[BlackTeamCountry "LTU"]

1. c4 c5 2. g3 Nf6 3. Bg2 d5 4. cxd5 Nxd5 5. Nc3 Nc7 6. Nf3 Nc6 7. 0-0 e5 8. Qa4 Bd7 9. d3 Be7 10. Be3 0-0 11. Rac1 b5 12. Qd1 f5 13. Ne1 Rb8 14. Nd5 Ne6 15. b4 Ncd4 16. Nf3 Nxf3+ 17. Bxf3 Rc8 18. Qb3 cxb4 19. Rxc8 Bxc8 20. Rc1 Bd6 21. Nxb4 Bxb4 22. Qxb4 a6 23. Rc6 Kh8 24. Bb6 Qe8 25. Bd5 Rf6 26. Rd6 Bd7 27. Qa3 Qc8 28. Bxe6 Rxe6 29. Rxd7 Rxb6 30. Qe7 Qc1+ 31. Kg2 Qc6+ 32. f3 1-0

[Event "LTU-chT"]
[Site "Lithuania"]
[Date "2015.02.15"]
[Round "4.5"]
[White "Ruksenas, Romas"]
[Black "Vasylius, Kestutis"]
[Result "1-0"]
[WhiteElo "1888"]
[BlackElo "2117"]
[PlyCount "135"]
[EventDate "2015.01.24"]
[EventType "team-tourn"]
[EventRounds "7"]
[EventCountry "LTU"]
[SourceTitle "EXT 2016"]
[Source "ChessBase"]
[SourceDate "2015.10.08"]
[SourceVersion "1"]
[SourceVersionDate "2015.10.08"]
[SourceQuality "1"]
[WhiteTeam "Vilnius Fortas"]
[BlackTeam "Plunge Bokstas"]
[WhiteTeamCountry "LTU"]
[BlackTeamCountry "LTU"]

1. c4 Nf6 2. e3 d5 3. cxd5 Nxd5 4. a3 c5 5. Qc2 e6 6. Nf3 Nc6 7. b3 Qb6 8. Nc3 Bd7 9. Rb1 Be7 10. Bb2 0-0 11. h4 f5 12. h5 Nxc3 13. Bxc3 h6 14. Nh4 Bf6 15. Ng6 Rf7 16. Bc4 Qc7 17. Rh3 Na5 18. Bxf6 Rxf6 19. Rg3 Nxc4 20. bxc4 Bc6 21. Qc3 Kh7 22. Qe5 Qa5 23. Qb2 Rd8 24. Ne5 Be4 25. Rc1 Qc7 26. f4 Rd6 27. Ke2 Qd8 28. Qc3 Qc8 29. Rg6 b6 30. Rh1 Kg8 31. Rg1 Qd8 32. d3 Bb7 33. g4 Rxg6 34. Nxg6 Kh7 35. gxf5 exf5 36. Nh4 Qf6 37. Qxf6 Rxf6 38. Ng6 Bc6 39. Ne5 Be8 40. Rh1 b5 41. cxb5 Bxb5 42. Rc1 Be8 43. Rxc5 Bxh5+ 44. Kf2 Ra6 45. Rc3 Be8 46. d4 Rb6 47. d5 Rb2+ 48. Kg3 Rd2 49. Rc8 Bb5 50. Rd8 Rd1 51. d6 g5 52. d7 h5 53. fxg5 Rd5 54. Kf4 h4 55. Rb8 Bxd7 56. Rb7 h3 57. Nxd7 h2 58. Nf6+ Kg6 59. Rh7 Rd2 60. Rh6+ Kg7 61. Nh5+ Kf7 62. Ng3 Rf2+ 63. Ke5 Rf3 64. Nxf5 Rf2 65. g6+ Kg8 66. g7 Rg2 67. Rh8+ Kf7 68. Rf8+ 1-0

[Event "LTU-chT"]
[Site "Lithuania"]
[Date "2015.02.14"]
[Round "3.3"]
[White "Vasylius, Kestutis"]
[Black "Bastys, Robertas"]
[Result "1/2-1/2"]
[WhiteElo "2117"]
[BlackElo "2242"]
[PlyCount "152"]
[EventDate "2015.01.24"]
[EventType "team-tourn"]
[EventRounds "7"]
[EventCountry "LTU"]
[SourceTitle "EXT 2016"]
[Source "ChessBase"]
[SourceDate "2015.10.08"]
[SourceVersion "1"]
[SourceVersionDate "2015.10.08"]
[SourceQuality "1"]
[WhiteTeam "Plunge Bokstas"]
[BlackTeam "Vilnius Chess United"]
[WhiteTeamCountry "LTU"]
[BlackTeamCountry "LTU"]

1. e4 c5 2. Nf3 g6 3. d4 cxd4 4. Nxd4 Nc6 5. c4 Nf6 6. Nc3 d6 7. Be2 Nxd4 8. Qxd4 Bg7 9. 0-0 0-0 10. Bg5 Be6 11. Qd3 Nd7 12. Qe3 Ne5 13. Nd5 Nc6 14. Rfd1 Re8 15. c5 Bxd5 16. exd5 Ne5 17. Bb5 Rf8 18. h3 f6 19. Bh4 Qa5 20. Qb3 a6 21. Bf1 Qxc5 22. Qxb7 Ra7 23. Qb3 Bh6 24. Bg3 Raa8 25. Qb7 Ra7 26. Qb3 Raa8 27. Qa4 Rab8 28. b3 a5 29. Qe4 f5 30. Qh4 f4 31. Bh2 Bg7 32. Rac1 Qa3 33. Qxe7 Rbe8 34. Qc7 Rf7 35. Qc2 f3 36. g4 Bh6 37. Rb1 Qb4 38. Bxe5 Rxe5 39. Qc4 Re4 40. Qxb4 axb4 41. Bd3 Re5 42. Re1 Bf4 43. Re4 Rxe4 44. Bxe4 Be5 45. Rc1 Rf4 46. Rc4 Bc3 47. Bb1 Rxc4 48. bxc4 Bd4 49. Be4 g5 50. Bxf3 Kg7 51. Be4 h6 52. Kg2 Kf6 53. Kg3 Ke5 54. Bc2 Bc3 55. h4 Be1 56. h5 Bc3 57. Kf3 Bd4 58. Ke2 Bc5 59. f3 Bb6 60. Kd3 Kf4 61. Bd1 Bc5 62. Kc2 Ke3 63. Kb3 Kf4 64. Ka4 Ke5 65. Kb5 Kf6 66. Kc6 Ke7 67. Bc2 Bd4 68. Bf5 Be3 69. Kb5 Bc5 70. Be6 Kf6 71. Ka4 Ke5 72. Kb5 Kf6 73. Kc6 Ke7 74. Bf5 Bd4 75. Bd3 Bc5 76. Be4 Bd4 1/2-1/2

[Event "Plunge op 34th"]
[Site "Plateliai"]
[Date "2014.07.18"]
[Round "7"]
[White "Juknis, Paulius"]
[Black "Vasylius, Kestutis"]
[Result "1/2-1/2"]
[WhiteElo "2161"]
[BlackElo "2113"]
[PlyCount "37"]
[EventDate "2014.07.14"]
[EventType "swiss"]
[EventRounds "9"]
[EventCountry "LTU"]
[SourceTitle "EXT 2015"]
[Source "ChessBase"]
[SourceDate "2014.11.20"]
[SourceVersion "1"]
[SourceVersionDate "2014.11.20"]
[SourceQuality "1"]

1. e4 c5 2. Nc3 d6 3. f4 Nc6 4. Nf3 Nf6 5. Bb5 a6 6. Bxc6+ bxc6 7. d3 g6 8. 0-0 Bg7 9. Qe1 Qb6 10. Kh1 0-0 11. Rb1 Nd7 12. Bd2 Qc7 13. Qh4 e5 14. fxe5 Nxe5 15. Bh6 Nxf3 16. Rxf3 Qd8 17. Qxd8 Rxd8 18. Bxg7 Kxg7 19. b4 1/2-1/2

[Event "Plunge op 34th"]
[Site "Plateliai"]
[Date "2014.07.16"]
[Round "4"]
[White "Kalvaitis, Sigitas"]
[Black "Vasylius, Kestutis"]
[Result "1/2-1/2"]
[WhiteElo "2247"]
[BlackElo "2113"]
[PlyCount "51"]
[EventDate "2014.07.14"]
[EventType "swiss"]
[EventRounds "9"]
[EventCountry "LTU"]
[SourceTitle "EXT 2015"]
[Source "ChessBase"]
[SourceDate "2014.11.20"]
[SourceVersion "1"]
[SourceVersionDate "2014.11.20"]
[SourceQuality "1"]

1. d4 Nf6 2. Nc3 d5 3. Bg5 Nbd7 4. Nf3 g6 5. e3 Bg7 6. Be2 c6 7. 0-0 0-0 8. h3 Re8 9. Bf4 a5 10. a3 b5 11. b4 Qb6 12. Ne5 Nxe5 13. Bxe5 Bf5 14. Bd3 Bxd3 15. cxd3 Nd7 16. Bxg7 Kxg7 17. f4 axb4 18. axb4 Ra7 19. Rc1 e6 20. g4 f5 21. Rf2 Ra3 22. Nb1 Ra4 23. Qb3 Nb8 24. Qc3 Qd8 25. g5 Qb6 26. Rb2 1/2-1/2

[Event "Plateliai op 23rd"]
[Site "Plateliai"]
[Date "2013.07.17"]
[Round "4"]
[White "Setkauskas, Vaidas"]
[Black "Vasylius, Kestutis"]
[Result "1/2-1/2"]
[WhiteElo "2209"]
[BlackElo "2073"]
[PlyCount "49"]
[EventDate "2013.07.15"]
[EventType "swiss"]
[EventRounds "9"]
[EventCountry "LTU"]
[SourceTitle "EXT 2014"]
[Source "ChessBase"]
[SourceDate "2013.11.20"]
[SourceVersion "1"]
[SourceVersionDate "2013.11.20"]
[SourceQuality "1"]

1. e4 c5 2. Nc3 Nc6 3. Nf3 d6 4. d4 cxd4 5. Nxd4 Nf6 6. Bg5 e6 7. Qd2 a6 8. 0-0-0 Qb6 9. f3 Bd7 10. Be3 Qc7 11. g4 Nxd4 12. Qxd4 Bc6 13. Bc4 Rc8 14. g5 Nd7 15. Bb3 Nc5 16. Kb1 b5 17. a3 Rb8 18. f4 Qb7 19. Rhe1 b4 20. axb4 Nxb3 21. cxb3 Qxb4 22. Nd5 Qxb3 23. Rd3 Qb7 24. Bd2 Rg8 25. Ba5 1/2-1/2

[Event "LTU-ch sf"]
[Site "Vilnius"]
[Date "2013.02.26"]
[Round "5"]
[White "Juknis, Paulius"]
[Black "Vasylius, Kestutis"]
[Result "1-0"]
[WhiteElo "2140"]
[BlackElo "2107"]
[PlyCount "37"]
[EventDate "2013.02.23"]
[EventType "swiss"]
[EventRounds "8"]
[EventCountry "LTU"]
[SourceTitle "CBM 153 Extra"]
[Source "ChessBase"]
[SourceDate "2013.04.22"]
[SourceVersion "1"]
[SourceVersionDate "2013.04.22"]
[SourceQuality "1"]

1. d4 f5 2. e4 fxe4 3. Nc3 Nf6 4. Bg5 e6 5. Nxe4 Be7 6. Bxf6 Bxf6 7. Nf3 b6 8. Bd3 Ba6 9. Bxa6 Nxa6 10. c3 0-0 11. Qd3 Qc8 12. 0-0-0 Qb7 13. h4 b5 14. Neg5 Bxg5+ 15. hxg5 Rf5 16. Rh3 g6 17. Rdh1 Qd5 18. Rxh7 Raf8 19. Ne5 1-0

[Event "Plunge op 32nd"]
[Site "Plunge"]
[Date "2012.07.21"]
[Round "8"]
[White "Vasylius, Kestutis"]
[Black "Kalvaitis, Sigitas"]
[Result "0-1"]
[WhiteElo "2102"]
[BlackElo "2263"]
[PlyCount "64"]
[EventDate "2012.07.16"]
[EventType "swiss"]
[EventRounds "9"]
[EventCountry "LTU"]
[SourceTitle "EXT 2013"]
[Source "ChessBase"]
[SourceDate "2012.11.22"]
[SourceVersion "1"]
[SourceVersionDate "2012.11.22"]
[SourceQuality "1"]

1. e4 e5 2. Nf3 d5 3. Nxe5 Bd6 4. d4 dxe4 5. Nc4 Nf6 6. Bg5 0-0 7. Nc3 Re8 8. Ne3 h6 9. Bxf6 Qxf6 10. Qd2 c6 11. 0-0-0 Nd7 12. d5 c5 13. Nb5 Ne5 14. Nxd6 Qxd6 15. Bb5 Re7 16. Nc4 Nxc4 17. Bxc4 Bd7 18. Rhe1 b5 19. Bf1 a5 20. c4 a4 21. Re3 b4 22. f3 f5 23. fxe4 fxe4 24. Rde1 a3 25. Rxe4 Rxe4 26. Rxe4 b3 27. bxa3 Qf6 28. Bd3 Qa1+ 29. Bb1 b2+ 30. Kc2 Ba4+ 31. Kc3 Qxb1 32. Re1 Qa1 0-1

[Event "Vilnius op"]
[Site "Vilnius"]
[Date "2011.11.25"]
[Round "7"]
[White "Kalvaitis, Sigitas"]
[Black "Vasylius, Kestutis"]
[Result "1-0"]
[WhiteElo "2252"]
[BlackElo "2119"]
[PlyCount "57"]
[EventDate "2011.11.19"]
[EventType "swiss"]
[EventRounds "9"]
[EventCountry "LTU"]
[SourceTitle "CBM 145 Extra"]
[Source "ChessBase"]
[SourceDate "2012.01.03"]
[SourceVersion "1"]
[SourceVersionDate "2012.01.03"]
[SourceQuality "1"]

1. e4 c5 2. Nf3 d6 3. Bb5+ Bd7 4. Bxd7+ Qxd7 5. 0-0 Nf6 6. Qe2 Nc6 7. c3 e6 8. d4 cxd4 9. cxd4 d5 10. e5 Ne4 11. Nbd2 Nxd2 12. Bxd2 Be7 13. Qd3 0-0 14. Ng5 Bxg5 15. Bxg5 Nb4 16. Qg3 Rfc8 17. Bf6 g6 18. f4 Rc2 19. Qh4 Qe8 20. a3 Nc6 21. Rf3 h5 22. Rd1 Qf8 23. g4 Qh6 24. gxh5 Qxh5 25. Qxh5 gxh5 26. Rh3 Kh7 27. Rxh5+ Kg6 28. Rg5+ Kh7 29. Rd3 1-0

[Event "Vilnius op"]
[Site "Vilnius"]
[Date "2011.11.22"]
[Round "4"]
[White "Gurbanov, Andrei"]
[Black "Vasylius, Kestutis"]
[Result "1/2-1/2"]
[WhiteElo "2232"]
[BlackElo "2119"]
[PlyCount "69"]
[EventDate "2011.11.19"]
[EventType "swiss"]
[EventRounds "9"]
[EventCountry "LTU"]
[SourceTitle "CBM 145 Extra"]
[Source "ChessBase"]
[SourceDate "2012.01.03"]
[SourceVersion "1"]
[SourceVersionDate "2012.01.03"]
[SourceQuality "1"]

1. d4 e6 2. Nf3 f5 3. g3 b6 4. Bg2 Bb7 5. 0-0 Nf6 6. c4 Be7 7. Nc3 0-0 8. d5 Bd6 9. Nd4 Qe7 10. Bf4 Bxf4 11. d6 Bxd6 12. Bxb7 Nc6 13. Nxc6 dxc6 14. Bxa8 Rxa8 15. Qc2 Rf8 16. Rae1 Qf7 17. e4 Qh5 18. f3 f4 19. g4 Qc5+ 20. Kh1 Qxc4 21. Qe2 Qxe2 22. Rxe2 Nd7 23. Rc2 Ne5 24. Ne2 c5 25. Kg2 Nc6 26. Rd2 e5 27. Rc1 Nd4 28. Nxd4 cxd4 29. Kf2 Kf7 30. Ke2 Ke6 31. Kd3 c5 32. a3 b5 33. b3 Kd7 34. Ra2 Rb8 35. h4 1/2-1/2

[Event "Plunge op 31st"]
[Site "Plunge"]
[Date "2011.07.23"]
[Round "7"]
[White "Jegorovas, Aleksandras"]
[Black "Vasylius, Kestutis"]
[Result "1/2-1/2"]
[WhiteElo "2322"]
[BlackElo "2089"]
[PlyCount "29"]
[EventDate "2011.07.19"]
[EventType "swiss"]
[EventRounds "9"]
[EventCountry "LTU"]
[SourceTitle "EXT 2012"]
[Source "ChessBase"]
[SourceDate "2011.11.24"]
[SourceVersion "1"]
[SourceVersionDate "2011.11.24"]
[SourceQuality "1"]

1. Nf3 c5 2. c4 Nf6 3. Nc3 Nc6 4. d4 cxd4 5. Nxd4 d6 6. e4 a6 7. Be2 Qb6 8. Nb3 e6 9. Be3 Qc7 10. 0-0 Be7 11. Rc1 Ne5 12. Na4 Nxe4 13. Qd4 Nf6 14. Nb6 Rb8 15. c5 1/2-1/2

[Event "Plunge op 31st"]
[Site "Plunge"]
[Date "2011.07.22"]
[Round "6"]
[White "Vasylius, Kestutis"]
[Black "Klabis, Rokas"]
[Result "1-0"]
[WhiteElo "2089"]
[BlackElo "2088"]
[PlyCount "63"]
[EventDate "2011.07.19"]
[EventType "swiss"]
[EventRounds "9"]
[EventCountry "LTU"]
[SourceTitle "EXT 2012"]
[Source "ChessBase"]
[SourceDate "2011.11.24"]
[SourceVersion "1"]
[SourceVersionDate "2011.11.24"]
[SourceQuality "1"]

1. e4 g6 2. d4 Bg7 3. Nf3 d6 4. c4 Nd7 5. Nc3 e5 6. Be3 Ngf6 7. h3 0-0 8. dxe5 dxe5 9. Be2 c6 10. Qd6 Ne8 11. Qd2 Qe7 12. Rd1 f5 13. Bh6 f4 14. Bxg7 Qxg7 15. b4 b6 16. b5 Qf6 17. Nd5 Qg7 18. bxc6 Nc5 19. Qc3 Nxe4 20. Qxe5 Qxe5 21. Nxe5 Be6 22. Bf3 Ng5 23. 0-0 Kg7 24. Rfe1 Rc8 25. Bg4 Bxg4 26. hxg4 Nf7 27. Nxf4 Nxe5 28. Ne6+ Kf7 29. Rxe5 Kf6 30. f4 Rg8 31. g5+ Kf7 32. Rd7# 1-0

[Event "Plunge op 31st"]
[Site "Plunge"]
[Date "2011.07.21"]
[Round "5"]
[White "Narmontas, Raimondas"]
[Black "Vasylius, Kestutis"]
[Result "1/2-1/2"]
[WhiteElo "2105"]
[BlackElo "2089"]
[PlyCount "38"]
[EventDate "2011.07.19"]
[EventType "swiss"]
[EventRounds "9"]
[EventCountry "LTU"]
[SourceTitle "EXT 2012"]
[Source "ChessBase"]
[SourceDate "2011.11.24"]
[SourceVersion "1"]
[SourceVersionDate "2011.11.24"]
[SourceQuality "1"]

1. e4 c5 2. Nc3 Nc6 3. Bb5 Nd4 4. Bc4 e6 5. Nge2 Nf6 6. e5 Ng4 7. Nxd4 Nxe5 8. Nxe6 dxe6 9. Be2 Be7 10. 0-0 0-0 11. d3 Bd7 12. Re1 Bc6 13. Bf1 Ng6 14. Qh5 Qc7 15. g3 Rfd8 16. h4 Rd4 17. Ne4 b6 18. Bg5 Bxe4 19. dxe4 Bxg5 1/2-1/2